000 01031nam a2200277Ia 4500
003 OSt
005 20221005110112.0
006 a|||||r|||| 00| 0
007 ta
008 221004b |||||||| |||| 00| 0 hin d
020 _a8126014164 (pbk)
_c200
024 _a93552
037 _b528, 19/03/2009, Vani Prakashan
_cTextual
040 _aCRL
_cCRL
_bhin
041 _2hin
_ahin
082 _aO152,6N09w, P2
100 _aदिनेश्वर प्रसाद
245 0 _aफ़ादर कामिल बुल्के
246 _aफ़ādar kāmil bulke
260 _aनई दिल्ली
_bसाहित्य अकादेमी भारत
_c2002
300 _a116पृ0
_ccm.
490 _aभारतीय साहित्य के निर्माता
650 _aहिन्दी साहित्य
942 _hO152,6N09w, P2
_cTEXL
_2cc
999 _c1017806
_d1017806